000 00464nam a2200181Ia 4500
001 19591
005 20260306172704.0
008 260306t2017||||xx |||||||||||||| ||spa||
041 _aESP
082 _a340.7
_bE373 N° 16
100 _aGuzmán-Barrón Sobrevilla, César
_eAUT
245 0 _aArbitraje comercial nacional e internacional
260 _c2017
300 _a192 páginas :
_c20 cm.
650 _aGEN
654 _aCDE
942 _cLIB
_dJUS
_fJUS
_2ddc
_n
999 _c19591
_d19591